Fortalecimiento de las cadenas de valor como instrumento de la política industrial (Registro nro. 1682)

Detalles MARC
000 -LEADER
fixed length control field 01586 a2200217 4500
001 - CONTROL NUMBER
control field 28251
005 - DATE AND TIME OF LATEST TRANSACTION
control field 20260407155554.0
008 - FIXED-LENGTH DATA ELEMENTS--GENERAL INFORMATION
fixed length control field 260407a2014 arg spa d
003 - CONTROL NUMBER IDENTIFIER
control field AR-UNSa-BCEJYS
040 ## - CATALOGING SOURCE
Original cataloging agency AR-UNSa-BCEJYS
Language of cataloging spa
Transcribing agency AR-UNSa-BCEJYS
080 ## - UNIVERSAL DECIMAL CLASSIFICATION NUMBER
Universal Decimal Classification number 338.45
Common auxiliary subdivision Industria como sector económico. Producción comercial, industrial
020 ## - INTERNATIONAL STANDARD BOOK NUMBER
International Standard Book Number 978-92-1-221125-1
100 1# - MAIN ENTRY--PERSONAL NAME
Personal name Padilla Pérez, Ramón
245 10 - TITLE STATEMENT
Title Fortalecimiento de las cadenas de valor como instrumento de la política industrial
Name of part/section of a work metodología y experiencia de la CEPAL en Centroamérica
264 #1 - PRODUCTION, PUBLICATION, DISTRIBUTION, MANUFACTURE, AND COPYRIGHT NOTICE
Place of production, publication, distribution, manufacture Santiago de Chile :
Name of producer, publisher, distributor, manufacturer CEPAL (Comisión Económica para América Latina y el Caribe)
Date of production, publication, distribution, manufacture, or copyright notice 2014
300 ## - PHYSICAL DESCRIPTION
Extent 383 p.
Dimensions 22 cm.
505 ## - FORMATTED CONTENTS NOTE
Formatted contents note 1. El resurgimiento de la política industrial - 2. Metodología del proyecto CEPAL-GIZ para el diseño de estrategias de fortalecimiento de cadenas de valor - 3. Espacios de diálogo para construir estrategias de desarrollo conjunto público y privado - 4. La cadena de camarón de cultivo en El Salvador - 5. La cadena de fibras sintéticas-ropa deportiva en El Salvador - 6. Cadena de hortalizas de exportación - 7. La cadena de valor de los productos maderables de las concesiones forestales de Petén, Guatemala - 8. Análisis comparado de los procesos de fortalecimiento de cadenas de valor y reflexiones finales
590 ## - LOCAL NOTE (RLIN)
Local note niveau_biblio:m niveau_hierar:0
856 41 - ELECTRONIC LOCATION AND ACCESS
Uniform Resource Identifier <a href="https://biblioeco.unsa.edu.ar/pmb/images/libros/Fortalecimiento de las cadenas de valor como instrumento de la politica industrial-l119999.jpg">https://biblioeco.unsa.edu.ar/pmb/images/libros/Fortalecimiento de las cadenas de valor como instrumento de la politica industrial-l119999.jpg</a>
Link text Imagen de portada
Electronic format type image/jpeg
942 ## - ADDED ENTRY ELEMENTS (KOHA)
Koha item type
Existencias
Withdrawn status Lost status Damaged status Not for loan Home library Current library Shelving location Date acquired Total checkouts Full call number Barcode Date last seen Price effective from Koha item type
        Biblioteca Prof. Eusebio Cleto del Rey Biblioteca Prof. Eusebio Cleto del Rey   07/04/2026   338.45 P123 L119999 07/04/2026 07/04/2026 Libro